[Event "St Petersburg White Nights op"]
[Site "St Petersburg"]
[Date "2005.06.18"]
[Round "1"]
[White "Lyubimtsev, Albert"]
[Black "Utkin, Aleksey"]
[Result "0-1"]
[WhiteElo "2102"]
[BlackElo "2387"]
[PlyCount "62"]
[EventDate "2005.06.18"]
[EventType "swiss"]
[EventRounds "9"]
[EventCountry "RUS"]
[SourceTitle "CBM 106 Extra"]
[Source "ChessBase"]
[SourceDate "2005.07.01"]
[SourceVersion "1"]
[SourceVersionDate "2005.07.01"]
[SourceQuality "1"]

1. e4 g6 2. Nf3 Bg7 3. d4 d6 4. c4 Nf6 5. Nc3 0-0 6. Be2 Nbd7 7. 0-0 e5 8. dxe5 dxe5 9. Bg5 h6 10. Bh4 Re8 11. Qc2 c6 12. Rad1 Qe7 13. Rd2 g5 14. Bg3 Nh5 15. Rfd1 Nf4 16. Bf1 Nf8 17. Ne1 N8e6 18. f3 Nd4 19. Qc1 Be6 20. Bf2 Rad8 21. Nc2 Kh7 22. Nxd4 exd4 23. Bxd4 Bxd4+ 24. Rxd4 Rxd4 25. Rxd4 Qc5 26. Qe3 Rd8 27. Nd5 cxd5 28. Qf2 dxe4 29. Rxd8 e3 30. Qc2+ Bf5 31. Rd5 Qxd5 0-1

[Event "RUS-Cup 300 years"]
[Site "St Petersburg"]
[Date "2003.10.26"]
[Round "9"]
[White "Lyubimtsev, Albert"]
[Black "Reutsky, Sergei"]
[Result "0-1"]
[WhiteElo "2148"]
[BlackElo "2341"]
[PlyCount "22"]
[EventDate "2003.10.18"]
[EventType "swiss"]
[EventRounds "9"]
[EventCountry "RUS"]
[SourceTitle "EXT 2004"]
[Source "ChessBase"]
[SourceDate "2003.11.25"]
[SourceVersion "1"]
[SourceVersionDate "2003.11.25"]
[SourceQuality "1"]

1. e4 e6 2. d4 d5 3. e5 c5 4. c3 Bd7 5. f4 Nc6 6. Nf3 Qb6 7. Be2 Nh6 8. dxc5 Bxc5 9. Qb3 Qc7 10. Na3 a6 11. Nc2 Na5 0-1

[Event "RUS-Cup 300 years"]
[Site "St Petersburg"]
[Date "2003.10.24"]
[Round "7"]
[White "Lyubimtsev, Albert"]
[Black "Zuttis, Sergey"]
[Result "1-0"]
[WhiteElo "2148"]
[BlackElo "2264"]
[PlyCount "103"]
[EventDate "2003.10.18"]
[EventType "swiss"]
[EventRounds "9"]
[EventCountry "RUS"]
[SourceTitle "EXT 2004"]
[Source "ChessBase"]
[SourceDate "2003.11.25"]
[SourceVersion "1"]
[SourceVersionDate "2003.11.25"]
[SourceQuality "1"]

1. e4 e6 2. f4 d5 3. e5 c5 4. Nf3 Nc6 5. Be2 Qc7 6. 0-0 Bd7 7. c3 f6 8. d4 Be7 9. Na3 Nh6 10. Kh1 a6 11. Nc2 Rb8 12. Ne3 0-0 13. Bd3 cxd4 14. cxd4 Nb4 15. Bb1 Bb5 16. Rf2 Rbc8 17. a3 f5 18. Bxf5 Nxf5 19. axb4 Nxe3 20. Bxe3 Bxb4 21. Ng5 Qd7 22. Qg4 Rf5 23. Qh3 g6 24. g4 Rxg5 25. fxg5 Rf8 26. Qg3 Rxf2 27. Qxf2 Qf7 28. Rc1 Qxf2 29. Bxf2 Bc6 30. Be1 Be7 31. h4 Kg7 32. Ba5 Kg8 33. Kg2 Kg7 34. Kf3 Kf7 35. Ke3 Kg7 36. Kd2 Kg8 37. Kc3 Bd7 38. Kb3 Bc6 39. Rf1 Bb5 40. Rf2 Bc4+ 41. Kc3 Bb5 42. Bc7 Kg7 43. Bd6 Bd8 44. Bf8+ Kg8 45. Bc5 Kg7 46. Rf8 Ba5+ 47. b4 Bb6 48. Bd6 a5 49. Ra8 axb4+ 50. Bxb4 Kf7 51. Ba5 Bxa5+ 52. Rxa5 1-0

[Event "RUS-Cup 300 years"]
[Site "St Petersburg"]
[Date "2003.10.22"]
[Round "5"]
[White "Lyubimtsev, Albert"]
[Black "Rusov, Valery"]
[Result "0-1"]
[WhiteElo "2148"]
[BlackElo "2205"]
[PlyCount "66"]
[EventDate "2003.10.18"]
[EventType "swiss"]
[EventRounds "9"]
[EventCountry "RUS"]
[SourceTitle "EXT 2004"]
[Source "ChessBase"]
[SourceDate "2003.11.25"]
[SourceVersion "1"]
[SourceVersionDate "2003.11.25"]
[SourceQuality "1"]

1. e4 e6 2. d4 d5 3. exd5 exd5 4. Nf3 Bd6 5. Bd3 Ne7 6. 0-0 0-0 7. Bg5 f6 8. Bd2 Bg4 9. c3 Nd7 10. a4 c6 11. Na3 f5 12. Nc2 Nf6 13. Ne3 Bxf3 14. Qxf3 Ne4 15. Bc1 Qc7 16. h3 Rf6 17. Re1 Raf8 18. Kf1 Ng6 19. Nd1 Bf4 20. Bxf4 Nxf4 21. Kg1 Rg6 22. Bf1 Nd2 23. Qe3 Nxf1 24. Kxf1 Nxg2 25. Qe5 Qd8 26. Re2 Qh4 27. Qh2 f4 28. f3 Ne3+ 29. Nxe3 fxe3 30. Rxe3 Rg3 31. Ke2 Rxh3 32. Qd6 Rh2+ 33. Kd3 Qf2 0-1

[Event "RUS-Cup 300 years"]
[Site "St Petersburg"]
[Date "2003.10.21"]
[Round "4"]
[White "Melnikova, Yana"]
[Black "Lyubimtsev, Albert"]
[Result "1-0"]
[WhiteElo "2246"]
[BlackElo "2148"]
[PlyCount "43"]
[EventDate "2003.10.18"]
[EventType "swiss"]
[EventRounds "9"]
[EventCountry "RUS"]
[SourceTitle "EXT 2004"]
[Source "ChessBase"]
[SourceDate "2003.11.25"]
[SourceVersion "1"]
[SourceVersionDate "2003.11.25"]
[SourceQuality "1"]

1. e4 e5 2. Nf3 Nc6 3. Nc3 Nf6 4. d4 exd4 5. Nxd4 d6 6. Bb5 Bd7 7. Bxc6 bxc6 8. 0-0 Be7 9. Qf3 g6 10. e5 dxe5 11. Nxc6 Bxc6 12. Qxc6+ Nd7 13. Rd1 Rb8 14. Nb5 Bd6 15. Nxd6+ cxd6 16. Qxd6 Rb7 17. Bh6 Qb6 18. Qd5 Qxb2 19. Qc6 Ke7 20. Qd6+ Ke8 21. Bg5 Qb4 22. Qxe5+ 1-0

[Event "RUS-Cup 300 years"]
[Site "St Petersburg"]
[Date "2003.10.18"]
[Round "1"]
[White "Lyubimtsev, Albert"]
[Black "Vitiugov, Nikita"]
[Result "0-1"]
[WhiteElo "2148"]
[BlackElo "2457"]
[PlyCount "84"]
[EventDate "2003.10.18"]
[EventType "swiss"]
[EventRounds "9"]
[EventCountry "RUS"]
[SourceTitle "EXT 2004"]
[Source "ChessBase"]
[SourceDate "2003.11.25"]
[SourceVersion "1"]
[SourceVersionDate "2003.11.25"]
[SourceQuality "1"]

1. e4 c5 2. Nf3 e6 3. Be2 Nc6 4. 0-0 Nf6 5. d3 Be7 6. c3 Qc7 7. Bg5 0-0 8. Nbd2 d5 9. Qc2 Rd8 10. Rad1 b6 11. Bh4 Bb7 12. Bg3 Qc8 13. h3 b5 14. Rfe1 a5 15. Ne5 a4 16. Nxc6 Qxc6 17. exd5 Nxd5 18. Bf3 Qb6 19. a3 Rd7 20. c4 Nf6 21. Bxb7 Rxb7 22. cxb5 Qxb5 23. Nc4 Rd8 24. Re2 Nd5 25. Be5 Qa6 26. Re4 Rb3 27. Qe2 Nf6 28. Re3 Nd5 29. Qg4 f6 30. Rg3 Bf8 31. Nd2 fxe5 32. Nxb3 axb3 33. Rf3 Be7 34. Qe4 Bf6 35. g4 g6 36. Rxf6 Nxf6 37. Qxe5 Nd5 38. Re1 Re8 39. f4 Qc6 40. f5 Qc7 41. Qxd5 exd5 42. Rxe8+ Kf7 0-1

[Event "St Petersburg White Nights op"]
[Site "St Petersburg"]
[Date "2000.07.02"]
[Round "9"]
[White "Lyubimtsev, Albert"]
[Black "Golovchenko, Gleb"]
[Result "1/2-1/2"]
[WhiteElo "2256"]
[BlackElo "2090"]
[PlyCount "46"]
[EventDate "2000.06.23"]
[EventType "swiss"]
[EventRounds "9"]
[EventCountry "RUS"]
[SourceTitle "CBM 076 Extra"]
[Source "ChessBase"]
[SourceDate "2000.07.11"]
[SourceVersion "1"]
[SourceVersionDate "2000.07.11"]
[SourceQuality "1"]

1. e4 d6 2. d4 Nf6 3. f3 g6 4. c4 Bg7 5. Nc3 0-0 6. Be3 e5 7. dxe5 dxe5 8. Qxd8 Rxd8 9. Bg5 c6 10. g4 Be6 11. h4 h6 12. Be3 h5 13. g5 Ne8 14. Rh2 Bf8 15. Rd2 Rxd2 16. Kxd2 Na6 17. Rd1 Rd8+ 18. Kc1 Rxd1+ 19. Nxd1 Bc5 20. b3 b6 21. Ne2 Bxe3+ 22. Nxe3 Nc5 23. Kd2 a5 1/2-1/2

[Event "St Petersburg White Nights op"]
[Site "St Petersburg"]
[Date "2000.06.24"]
[Round "2"]
[White "Lyubimtsev, Albert"]
[Black "Petrov, Anton"]
[Result "0-1"]
[WhiteElo "2256"]
[BlackElo "2335"]
[PlyCount "84"]
[EventDate "2000.06.23"]
[EventType "swiss"]
[EventRounds "9"]
[EventCountry "RUS"]
[SourceTitle "CBM 076 Extra"]
[Source "ChessBase"]
[SourceDate "2000.07.11"]
[SourceVersion "1"]
[SourceVersionDate "2000.07.11"]
[SourceQuality "1"]

1. e4 e5 2. Nf3 Nc6 3. Bc4 Bc5 4. c3 Nf6 5. d4 exd4 6. e5 d5 7. Bb5 Ne4 8. cxd4 Bb6 9. 0-0 0-0 10. Nc3 Bg4 11. h3 Bxf3 12. gxf3 Ng5 13. Bxc6 bxc6 14. Kg2 Ne6 15. Be3 Qh4 16. Ne2 f5 17. f4 g5 18. Qd2 Kh8 19. Rh1 Rg8 20. Kf1 gxf4 21. Nxf4 Nxf4 22. Bxf4 Rg4 23. hxg4 Qxh1+ 24. Ke2 Qe4+ 25. Be3 f4 26. Qd3 Qxd3+ 27. Kxd3 fxe3 28. Kxe3 c5 29. f4 cxd4+ 30. Kd3 c5 31. b3 c4+ 32. bxc4 dxc4+ 33. Kxc4 Rc8+ 34. Kd5 d3 35. Rd1 d2 36. e6 Kg7 37. e7 Re8 38. Rxd2 Rxe7 39. Rc2 Re1 40. g5 Kg6 41. Rh2 Re7 42. Kd6 Rf7 0-1

[Event "Petrov Memorial op"]
[Site "St Petersburg"]
[Date "2000.02.16"]
[Round "9"]
[White "Veliev, Gasan"]
[Black "Lyubimtsev, Albert"]
[Result "1-0"]
[WhiteElo "2318"]
[BlackElo "2256"]
[PlyCount "109"]
[EventDate "2000.02.05"]
[EventType "swiss"]
[EventRounds "9"]
[EventCountry "RUS"]
[SourceTitle "CBM 076"]
[Source "ChessBase"]
[SourceDate "2000.05.31"]
[SourceVersion "1"]
[SourceVersionDate "2000.05.31"]
[SourceQuality "1"]

1. e4 c5 2. Nf3 Nc6 3. d4 cxd4 4. Nxd4 d6 5. c4 Nf6 6. Nc3 g6 7. Be2 Bg7 8. Be3 0-0 9. 0-0 Bd7 10. Qd2 Ng4 11. Bxg4 Bxg4 12. Rac1 Bd7 13. b3 b6 14. Nxc6 Bxc6 15. Bh6 Qd7 16. Rfd1 Rfe8 17. Bxg7 Kxg7 18. Qd4+ Kg8 19. a4 Rac8 20. Rd3 Qg4 21. Rg3 Qf4 22. Re1 Qe5 23. Qxe5 dxe5 24. Rd3 Red8 25. Red1 Rxd3 26. Rxd3 Kf8 27. Kf1 e6 28. Ke2 Ke7 29. Kd2 f5 30. f3 g5 31. Ke3 h5 32. Rd1 g4 33. Kf2 Rf8 34. Ke3 Rg8 35. Kf2 Rf8 36. Re1 Kf6 37. h3 Rg8 38. hxg4 hxg4 39. Rh1 g3+ 40. Ke3 f4+ 41. Ke2 Kg6 42. Kd3 Rc8 43. Ne2 Rd8+ 44. Kc3 Be8 45. Nc1 Kf6 46. Nd3 Bg6 47. b4 Be8 48. b5 Bg6 49. a5 Rc8 50. axb6 axb6 51. c5 bxc5 52. b6 Rb8 53. Rb1 Bxe4 54. fxe4 f3 55. gxf3 1-0

[Event "Petrov Memorial op"]
[Site "St Petersburg"]
[Date "2000.02.14"]
[Round "7"]
[White "Stjazhkina, Olga"]
[Black "Lyubimtsev, Albert"]
[Result "1-0"]
[WhiteElo "2319"]
[BlackElo "2256"]
[PlyCount "145"]
[EventDate "2000.02.05"]
[EventType "swiss"]
[EventRounds "9"]
[EventCountry "RUS"]
[SourceTitle "CBM 076"]
[Source "ChessBase"]
[SourceDate "2000.05.31"]
[SourceVersion "1"]
[SourceVersionDate "2000.05.31"]
[SourceQuality "1"]

1. e4 c5 2. Nc3 Nc6 3. g3 Nf6 4. Bg2 d6 5. d3 Bd7 6. f4 Qc8 7. Nf3 g6 8. 0-0 Bg7 9. Bd2 Bg4 10. Qe1 Nd4 11. Nxd4 cxd4 12. Nb5 Qc5 13. a4 0-0 14. Rc1 a6 15. b4 Qb6 16. Na3 Bd7 17. Nc4 Qc7 18. a5 Bc6 19. c3 Ng4 20. h3 dxc3 21. Bxc3 Bxc3 22. Qxc3 Nf6 23. Nb6 Rad8 24. e5 Nh5 25. d4 Qb8 26. Bxc6 bxc6 27. g4 Ng7 28. Qxc6 dxe5 29. dxe5 Rd4 30. Qc5 Ne6 31. Qxe7 Nxf4 32. Rxf4 Rxf4 33. Nd7 Qa7+ 34. Rc5 Ra8 35. Kh2 Kg7 36. Kg3 Rf1 37. Kg2 Rf4 38. Kg3 Re4 39. Qf6+ Kg8 40. Qc6 Rxb4 41. e6 Rb3+ 42. Kh4 f6 43. Nxf6+ Kg7 44. Nd5 Rb5 45. Qc7+ Kg8 46. Qxa7 Rxa7 47. Rc8+ Kg7 48. e7 Rxe7 49. Nxe7 Rxa5 50. Rc7 Kf8 51. Ra7 Ra3 52. g5 Ra4+ 53. Kg3 Ra3+ 54. Kf4 Rxh3 55. Nd5 h6 56. Ke5 hxg5 57. Ke6 Rf3 58. Nb6 Re3+ 59. Kf6 Rf3+ 60. Kxg6 Rd3 61. Nd7+ Ke8 62. Ne5 Rd6+ 63. Kf5 g4 64. Nxg4 Kd8 65. Nf6 Kc8 66. Ke5 Kb8 67. Rf7 Rd1 68. Nd5 a5 69. Kd6 Rc1 70. Nb6 Rc2 71. Na4 Rc4 72. Nc5 a4 73. Nd7+ 1-0